ස්ත්රී පුරුෂ සමාජභාවීය බලගම්යතා සහ පශ්චාත් විජිතමය ශ්රී ලංකාවේ ස්ත්රී සමාජ නියෝජනය (Record no. 4500)
[ view plain ]
| 000 -LEADER | |
|---|---|
| fixed length control field | 01019nam a2200205 4500 |
| 003 - CONTROL NUMBER IDENTIFIER | |
| control field | LK-CoMWRAF |
| 005 - DATE AND TIME OF LATEST TRANSACTION | |
| control field | 20240103144740.0 |
| 008 - FIXED-LENGTH DATA ELEMENTS--GENERAL INFORMATION | |
| fixed length control field | 231217b |||||||| |||| 00| 0 eng d |
| 020 ## - INTERNATIONAL STANDARD BOOK NUMBER | |
| International Standard Book Number | 9559261126 |
| 040 ## - CATALOGING SOURCE | |
| Original cataloging agency | LK-CoMWRAF |
| Modifying agency | LK-CoMWRAF |
| Description conventions | LK-CoMWRAF |
| 041 ## - LANGUAGE CODE | |
| Language code of text/sound track or separate title | Sinhala; Sinhalese |
| 082 ## - DEWEY DECIMAL CLASSIFICATION NUMBER | |
| Classification number | 305.3 |
| Item number | TIR |
| 942 ## - ADDED ENTRY ELEMENTS (KOHA) | |
| Koha item type | Books |
| 100 ## - MAIN ENTRY--PERSONAL NAME | |
| Personal name | තිරුචන්ද්රන්, සෙල්ව් |
| 245 ## - TITLE STATEMENT | |
| Title | ස්ත්රී පුරුෂ සමාජභාවීය බලගම්යතා සහ පශ්චාත් විජිතමය ශ්රී ලංකාවේ ස්ත්රී සමාජ නියෝජනය |
| 246 ## - VARYING FORM OF TITLE | |
| Title proper/short title | Sthri pururusha samajabhaviya balagamyatha saha pascath vijithamaya Sri Lankave sthri samaja niyojanaya |
| 260 ## - PUBLICATION, DISTRIBUTION, ETC. (IMPRINT) | |
| Place of publication, distribution, etc. | කොළඹ : |
| Name of publisher, distributor, etc. | කාන්තා අධ්යාපන හා පර්යේෂණ කේන්ද්රය, |
| Date of publication, distribution, etc. | 1998. |
| 300 ## - PHYSICAL DESCRIPTION | |
| Extent | පි. xvii,83 ; සෙමී. 21 |
| 650 ## - SUBJECT ADDED ENTRY--TOPICAL TERM | |
| Topical term or geographic name as entry element | ස්ත්රී පුරුෂ භාවය |
| Withdrawn status | Lost status | Damaged status | Not for loan | Permanent Location | Current Location | Date acquired | Full call number | Barcode | Koha item type |
|---|---|---|---|---|---|---|---|---|---|
| Resource center, Muslim Women's Research And Action Forum | Resource center, Muslim Women's Research And Action Forum | 2023-12-17 | 305.3 TIR | RAF3795 | Books |

